000 00398nam a2200169Ia 4500
008 220531s9999 xx 000 0 und d
041 _aeng
082 _bMAH
100 _aMahajan, Mukund
_954898
245 _aBusiness Economics
260 _aPune
_bNirali
_c2008
300 _a10.37
542 _d12-06-2009
650 _aEconomics
_954899
906 _d2009-2010
999 _c31751
_d31751